Byty v zemi tulipánů. Přestavba velkých měst v Holandsku.

V 70. rokoch v Holandsku panelová výstavba, voči ktorej verejnosť prejavovala odpor. Za 20 rokov sa z Amsterdamu vysťahovalo 200000 obyv. do okolia, čo ohrozilo sociálne štruktúry. V súčasnej bytovej politike zmeny. Spojili sa vysoké nároky na bývanie s využitím finančnej iniciatívy jednotlivcov a s...

Descrizione completa

Salvato in:
Dettagli Bibliografici
Autore principale: Sedlářová, D.
Natura: Capitolo di libro
Lingua:ceco
Soggetti:
Tags: Aggiungi Tag
Nessun Tag, puoi essere il primo ad aggiungerne!!

MARC

LEADER 00000naa a2200000 4500
001 r006142
005 20221125075944.1
041 0 |a cze 
044 |a [CS] 
245 1 0 |a Byty v zemi tulipánů.  |b Přestavba velkých měst v Holandsku.  |c D. Sedlářová 
520 |a V 70. rokoch v Holandsku panelová výstavba, voči ktorej verejnosť prejavovala odpor. Za 20 rokov sa z Amsterdamu vysťahovalo 200000 obyv. do okolia, čo ohrozilo sociálne štruktúry. V súčasnej bytovej politike zmeny. Spojili sa vysoké nároky na bývanie s využitím finančnej iniciatívy jednotlivcov a s citlivým prístupom k sociálnym aspektom. Pri vysokom štandarde bývania dostáva 1/3 nájomníkov podporu na nájomné. 
610 2 0 |a byty 
610 2 0 |a bývanie 
610 2 0 |a výstavba bytová 
610 2 0 |a nájomné 
610 2 0 |a Holandsko 
100 1 |a Sedlářová, D.